| 000 | 01069nam a2200325 a 4500 | ||
|---|---|---|---|
| 001 | vtls000059716 | ||
| 003 | NLI | ||
| 005 | 20210601191554.0 | ||
| 008 | 101125s1970 enka 001 0 eng | ||
| 020 |
_a194370410 : _c? 2.00 |
||
| 039 | 9 |
_y201011250602 _zVLOAD |
|
| 040 |
_aNLI _beng _cVTLS _eAACR2 |
||
| 041 | 0 | _aeng | |
| 044 | _aenk | ||
| 082 | 0 | 4 | _a428.3 |
| 245 | 0 | 0 |
_aAttitude to english usage : _ban enquiry by the university of newcastle upon type institute of education english research group / _cW. H. Mittim ... [et al.] |
| 260 |
_aLondon : _bOxford University, _c1970 |
||
| 300 |
_a121 p. : _bill. ; _c22 cm. |
||
| 440 | 0 |
_aLanguage and language learning _9101955 |
|
| 504 | _aIncludes bibliographical references and index | ||
| 650 | 0 |
_aEnglish language _xUsage _94018 |
|
| 650 | 0 |
_aLanguage and languages _912582 |
|
| 700 | 1 |
_aMittim, W. H., _4jt. aut _9151211 |
|
| 887 | _a | ||
| 901 |
_a400036 _b13.02.1971 |
||
| 902 | _aE428.3 N432 | ||
| 906 | _a0002994 | ||
| 949 |
_AVIRTUAITEM _D10000 _X100 _6PUR000400036ENG |
||
| 942 |
_2ddc _cBKS |
||
| 999 |
_aVIRTUA00 _c64183 _d64183 |
||